| 000 | 00409nam a22001457a 4500 | ||
|---|---|---|---|
| 082 | _aP-450(B) | ||
| 100 |
_aSaqib Aziz Khan, Syndicate No 19 _948242 |
||
| 245 |
_aEvaluation of liquefaction potential of Kamra sand _cSaqib Aziz Khan, Mohsin Sardar |
||
| 260 | _c2010 | ||
| 300 | _a135 P, : | ||
| 526 |
_a0 _b0 _c0 _dP_450B |
||
| 650 | _aProject | ||
| 700 |
_aAsst Prof Abdul Waheed _948243 |
||
| 942 |
_2ddc _cBK |
||
| 999 |
_c551241 _d551241 |
||